Statistiche per Glossario calcistico - Quiz n°19

Clicka qui per fare il quiz!

Statistiche generali

  • Questo quiz è stato fatto 9 volte
  • Il punteggio medio è 7 su 15

Statistiche sulle risposte

DefinizioneRisposta% Corretto
Viene indossata al braccio dal capitano per identificarne il gradoFascia
89%
Impianto architettonico, costituito dal campo da calcio e dalle strutture destinate appositamente ai tifosi, entro il quale si svolgono le partite. Può contenere zone accessorie, come negozi, bar o musei dedicati alla squadra di casaStadio
89%
Palo o traversaLegno
78%
Area rettangolare (2,44 x 7,32 m) delimitata da due pali e una traversa superiore. È lo spazio attraverso il quale deve passare il pallone per marcare un puntoPorta
78%
Termine giornalistico che descrive un fallo la cui violenza e danno causati all'avversario lo fa meritevole di una penalizzazione maggiore di quella segnalata dal cartellino giallo ma minore di quella correlata al cartellino rosso. Il termine fu popolarizzato nel calcio italiano dal giornalista Fabio CaressaCartellino arancione
67%
Intervento di un ulteriore difendente nella marcatura di un avversarioRaddoppio
67%
Tra i due pali di una porta, il palo più distante rispetto a una data posizioneSecondo palo
56%
Termine derivato dalla lingua inglese, utilizzato per riferirsi ad un gol realizzato in un'azione partita dalla propria areaCoast to coast
44%
Altro termine per indicare un uno-dueDai e vai
44%
Centrocampista che come compito ha la rottura del gioco avversarioMediano
44%
Ripresa di gioco effettuata dalla linea laterale. Viene assegnata alla squadra avversaria del calciatore che per ultimo ha toccato il pallone prima che questo oltrepassasse interamente la linea laterale. Viene eseguita con le mani, facendo passare il pallone sopra la testa dietro la nuca, e lanciandolo verso il terreno di giocoRimessa laterale
44%
Dribbling che si esegue effettuando una giravolta sulla palla facendo perno con la pianta del piede sulla sommità del palloneVeronica
44%
Azione di rimessa, da parte della squadra in difesa, mirata a una veloce progressione verso l'area avversariaBreak
0%
Anche noto come cucchiaioGol alla Totti
0%
Termine utilizzato per riferirsi alla linea composta dai difensoriTerza linea
0%

Distribuzione punteggi

Percentile per numero di risposta

Percentuale di utenti per punteggio

I tuoi punteggi nel tempo

Non hai fatto questo quiz